Buddha (Record no. 20039)

MARC details
000 -LEADER
fixed length control field 00274nam a22001337a 4500
020 ## - INTERNATIONAL STANDARD BOOK NUMBER
ISBN 9780143034360
082 ## - DEWEY DECIMAL CLASSIFICATION NUMBER
Classification number 294.363 ARM
100 ## - MAIN ENTRY--AUTHOR NAME
Author name Armstrong, Karen
245 ## - TITLE STATEMENT
Title Buddha
260 ## - PUBLICATION, DISTRIBUTION, ETC. (IMPRINT)
Place of publication U.S.A
Name of publisher Penguin Group
Year of publication 2004
300 ## - PHYSICAL DESCRIPTION
Number of Pages 205
650 ## - SUBJECT ADDED ENTRY--TOPICAL TERM
Topical Term Buddha
942 ## - ADDED ENTRY ELEMENTS (KOHA)
Koha item type Books
Holdings
Home library Current library Date acquired Source of acquisition Cost, normal purchase price Full call number Accession Number Koha item type
Henry Martyn Institute Library Henry Martyn Institute Library 04/11/2016 Amezon 785.00 294.363 ARM 25072 Books
                   Copyright © 2026 | Henry Martyn Institute | Hyderabad | TS-500052 | INDIA | Implemented by hmi.edu.in
Hit-Count:

Powered by Koha